000 00508nam a2200181 4500
001 133072
003 ES-MaACL
005 20230906194323.0
007 t|
008 070214s1901 sp r ||||1| spa d
100 1 _aRossi, Carlos.
_999866
245 1 0 _aGramática elemental de la lengua griega /
_cCarlos Rossi.
250 _a1ª. ed.
260 _aMadrid :
_b[s.n.],
_c1901 (
_fTip. de Ricardo Fé)
300 _aXIV, 136 p. ;
_c23 cm.
500 _aEs la primera parte.
852 _aES-MaACL
_jB-13210
999 _c133072
_d133072